000 00683nam a2200217Ia 4500
001 7161
003 GE_BSU
008 181216s||||||||xx |||||||||||||| ||und||
040 _cGE_BSU
080 _a691.3(076)
100 _aБойко, В.Е. Еременко, В.А.
245 _aРасчет и подбор составов легких бетонов.
245 _bПрактическое пособие.
245 _cРед. С.К.Овчаренко.
260 _aКиев.
260 _bБудiвельник.
260 _c1974.
300 _a160стр.20см.
653 _aРасчет и подбор составов легких бетонов.
942 _cBK
999 _c40549
_d40549